[Event "Madrid ch Veteranos 2223"]
[Site "Madrid ESP"]
[Date "2023.04.20"]
[Round "4.13"]
[White "Perez Hernandez, Alfonso"]
[Black "Villares Galiano, Luis"]
[Result "1/2-1/2"]
[WhiteElo "1719"]
[BlackElo "1887"]
[PlyCount "44"]
[EventDate "2023.04.17"]
[EventType "swiss"]
[EventRounds "9"]
[EventCountry "ESP"]
[SourceTitle "Ajedrez en Madrid"]
[Source "lmi"]
[SourceDate "2023.04.17"]
[SourceVersion "1"]
[SourceVersionDate "2023.05.22"]
[SourceQuality "1"]

1. Nf3 Nf6 2. g3 g6 3. b3 Bg7 4. Bb2 O-O 5. Bg2 d6 6. d4 c6 7. Nbd2 Nbd7 8. O-O
Qc7 9. c4 Re8 10. Rc1 Nf8 11. h3 Bd7 12. a4 Rad8 13. Kh2 e5 14. e3 exd4 15.
exd4 Bf5 16. Ne1 h5 17. Ndf3 N8h7 18. Nh4 Bc8 19. Qc2 Qd7 20. f4 Re7 21. Nef3
Rde8 22. Rce1 Re6 1/2-1/2

[Event "Madrid ch Veteranos 2223"]
[Site "Madrid ESP"]
[Date "2023.04.20"]
[Round "4.14"]
[White "Alvarez Abejon, Amilcar"]
[Black "Barahona Torrijos, Angel"]
[Result "1/2-1/2"]
[WhiteElo "1875"]
[BlackElo "1696"]
[PlyCount "100"]
[EventDate "2023.04.17"]
[EventType "swiss"]
[EventRounds "9"]
[EventCountry "ESP"]
[SourceTitle "Ajedrez en Madrid"]
[Source "lmi"]
[SourceDate "2023.04.17"]
[SourceVersion "1"]
[SourceVersionDate "2023.05.22"]
[SourceQuality "1"]

1. e4 e5 2. Nf3 Nc6 3. Bb5 Nd4 4. Nxd4 exd4 5. O-O c6 6. Bc4 Nf6 7. Re1 d6 8.
c3 Ng4 9. h3 Ne5 10. d3 Qb6 11. Qe2 Be6 12. Bxe6 fxe6 13. cxd4 Qxd4 14. Rd1 Nf7
15. Nc3 Be7 16. Be3 Qf6 17. d4 O-O 18. Rd2 Qh4 19. f4 d5 20. Qf2 Nd6 21. Qxh4
Bxh4 22. Bf2 Bxf2+ 23. Rxf2 dxe4 24. Re1 Rad8 25. Nxe4 Nf5 26. Nc5 Nxd4 27.
Nxb7 Rd5 28. Re5 Rf5 29. Rxd5 Rxd5 30. Kf1 Kf7 31. Rd2 Ke7 32. Nc5 Rxc5 33.
Rxd4 Rc2 34. Ra4 Rxb2 35. Rxa7+ Kf6 36. a4 h5 37. Rc7 Ra2 38. Rxc6 Rxa4 39. g3
Ra2 40. Rc5 g6 41. h4 Rd2 42. Rg5 Rd5 43. Kf2 Rxg5 44. hxg5+ Kf5 45. Kf3 e5 46.
fxe5 Kxe5 47. Kg2 Kf5 48. Kh2 Kg4 49. Kg2 Kxg5 50. Kh3 Kh6 1/2-1/2

[Event "Madrid ch Veteranos 2223"]
[Site "Madrid ESP"]
[Date "2023.04.20"]
[Round "4.15"]
[White "Hetz, Robert"]
[Black "Martin Martin, Luis Vicente"]
[Result "1/2-1/2"]
[WhiteElo "1627"]
[BlackElo "1871"]
[PlyCount "41"]
[EventDate "2023.04.17"]
[EventType "swiss"]
[EventRounds "9"]
[EventCountry "ESP"]
[SourceTitle "Ajedrez en Madrid"]
[Source "lmi"]
[SourceDate "2023.04.17"]
[SourceVersion "1"]
[SourceVersionDate "2023.05.22"]
[SourceQuality "1"]

1. d4 Nf6 2. c4 e5 3. dxe5 Ne4 4. a3 d6 5. Nf3 Bf5 6. e3 Nc6 7. Nd4 Nxd4 8.
Qxd4 c5 9. Qd5 Qa5+ 10. Nd2 Nxd2 11. Bxd2 Qb6 12. Bc3 Be6 13. Qe4 O-O-O 14. Be2
d5 15. cxd5 Bxd5 16. Qf5+ Be6 17. Qe4 g6 18. Bg4 Bg7 19. O-O Rhe8 20. Rfd1 h5
21. Bxe6+ 1/2-1/2

[Event "Madrid ch Veteranos 2223"]
[Site "Madrid ESP"]
[Date "2023.04.20"]
[Round "4.16"]
[White "De Paz Nistal, Santiago"]
[Black "Ros Martinez, Francisco Javier"]
[Result "1-0"]
[WhiteElo "1866"]
[BlackElo "1562"]
[PlyCount "109"]
[EventDate "2023.04.17"]
[EventType "swiss"]
[EventRounds "9"]
[EventCountry "ESP"]
[SourceTitle "Ajedrez en Madrid"]
[Source "lmi"]
[SourceDate "2023.04.17"]
[SourceVersion "1"]
[SourceVersionDate "2023.05.22"]
[SourceQuality "1"]

1. e4 e6 2. d4 d5 3. Nd2 h6 4. Bd3 c5 5. c3 cxd4 6. cxd4 dxe4 7. Nxe4 Bb4+ 8.
Nc3 Nf6 9. Nf3 O-O 10. O-O Nc6 11. a3 Ba5 12. h3 a6 13. Bf4 Bc7 14. Bxc7 Qxc7
15. Rc1 Qb6 16. b4 Rd8 17. Ne2 Bd7 18. Bb1 Ne7 19. Ne5 Be8 20. Nc4 Qa7 21. Qb3
Bc6 22. Rfd1 Bd5 23. Qe3 Rac8 24. Ne5 b6 25. Ng4 Nxg4 26. hxg4 Ng6 27. g5 hxg5
28. Qxg5 Qe7 29. Qg3 Qf6 30. Bxg6 Qxg6 31. Qxg6 fxg6 32. f3 g5 33. Kf2 Kf7 34.
Rxc8 Rxc8 35. Rc1 Rxc1 36. Nxc1 a5 37. Nd3 axb4 38. axb4 Kf6 39. Ne5 b5 40. Kg3
Bb3 41. Ng4+ Kf5 42. Ne3+ Kf6 43. Kf2 Ba2 44. Ke2 Bb1 45. Ng4+ Kf5 46. Ke3 Ba2
47. Nf2 e5 48. g4+ Ke6 49. Ne4 exd4+ 50. Kxd4 Bc4 51. Nxg5+ Ke7 52. Ne4 Ke6 53.
f4 g6 54. f5+ gxf5 55. gxf5+ 1-0

[Event "Madrid ch Veteranos 2223"]
[Site "Madrid ESP"]
[Date "2023.04.20"]
[Round "4.17"]
[White "Rojas Pozo, Jose Luis"]
[Black "Menendez Domens, Juan Manuel"]
[Result "1-0"]
[WhiteElo "1865"]
[BlackElo "1460"]
[PlyCount "91"]
[EventDate "2023.04.17"]
[EventType "swiss"]
[EventRounds "9"]
[EventCountry "ESP"]
[SourceTitle "Ajedrez en Madrid"]
[Source "lmi"]
[SourceDate "2023.04.17"]
[SourceVersion "1"]
[SourceVersionDate "2023.05.22"]
[SourceQuality "1"]

1. Nf3 d5 2. d4 Nf6 3. c4 e6 4. Nc3 c6 5. e3 Nbd7 6. Bd3 Bb4 7. O-O O-O 8. a3
Ba5 9. Qc2 Bxc3 10. bxc3 Re8 11. Ne5 c5 12. f4 Nf8 13. a4 b6 14. cxd5 Qxd5 15.
e4 Qd8 16. Bb5 Bd7 17. dxc5 Bxb5 18. axb5 bxc5 19. Be3 Qc7 20. c4 N8d7 21. Nxd7
Nxd7 22. e5 Rf8 23. Ra6 Nb6 24. Qe4 Rfd8 25. Rfa1 Rd7 26. Rxb6 Rad8 27. Rba6
Qb8 28. h3 f5 29. exf6 gxf6 30. Qxe6+ Kg7 31. Qxf6+ Kg8 32. Qe6+ Kg7 33. Qe5+
Qxe5 34. fxe5 Rd3 35. Rxa7+ Kg6 36. Bxc5 Rc8 37. Bd6 Rxc4 38. b6 Rc2 39. R7a2
Rxa2 40. Rxa2 Rb3 41. Bc7 Kf5 42. Re2 Ke6 43. Rf2 Rb1+ 44. Kh2 Rb3 45. Rf4 Rd3
46. b7 1-0

[Event "Madrid ch Veteranos 2223"]
[Site "Madrid ESP"]
[Date "2023.04.20"]
[Round "4.18"]
[White "Cano Mercado, Francisco Manuel"]
[Black "Garcia Galeote, Lorenzo"]
[Result "1-0"]
[WhiteElo "1728"]
[BlackElo "1896"]
[PlyCount "111"]
[EventDate "2023.04.17"]
[EventType "swiss"]
[EventRounds "9"]
[EventCountry "ESP"]
[SourceTitle "Ajedrez en Madrid"]
[Source "lmi"]
[SourceDate "2023.04.17"]
[SourceVersion "1"]
[SourceVersionDate "2023.05.22"]
[SourceQuality "1"]

1. d4 d5 2. Bf4 Nf6 3. e3 c5 4. c3 Qb6 5. Qb3 c4 6. Qxb6 axb6 7. Bxb8 Rxb8 8.
Nd2 Bf5 9. Ngf3 e6 10. Be2 b5 11. a3 Be7 12. O-O O-O 13. Ne5 Rfd8 14. g4 Bg6
15. h4 Ne4 16. Nxg6 hxg6 17. Nxe4 dxe4 18. g5 f6 19. Bg4 Kf7 20. f3 Rh8 21. h5
f5 22. fxe4 Bxg5 23. hxg6+ Ke7 24. exf5 Rh4 25. Bf3 Bxe3+ 26. Kg2 exf5 27. Rh1
Rbh8 28. Rxh4 Rxh4 29. Bxb7 f4 30. Bf3 Rh6 31. Be4 Rh5 32. a4 Rg5+ 33. Kh3 bxa4
34. Rxa4 Rb5 35. Rxc4 Rxb2 36. Rc7+ Kd6 37. Rxg7 Rb3 38. Rg8 Rxc3 39. Kg4 Bxd4
40. Kxf4 Ke6 41. Bf5+ Ke7 42. Rb8 Kf6 43. Rf8+ Kg7 44. Rf7+ Kg8 45. Be6 Rc6 46.
Bf5 Ra6 47. Rd7 Bf6 48. Be4 Bb2 49. Bd5+ Kf8 50. Bf7 Ra8 51. Bd5 Ra6 52. Rf7+
Ke8 53. g7 Bxg7 54. Rxg7 Ra1 55. Ke5 Re1+ 56. Kd6 1-0

[Event "Madrid ch Veteranos 2223"]
[Site "Madrid ESP"]
[Date "2023.04.20"]
[Round "4.19"]
[White "Vukotic Jovsic, Dragan"]
[Black "Montero Montero, Juan Jose"]
[Result "1/2-1/2"]
[WhiteElo "1866"]
[BlackElo "1678"]
[PlyCount "151"]
[EventDate "2023.04.17"]
[EventType "swiss"]
[EventRounds "9"]
[EventCountry "ESP"]
[SourceTitle "Ajedrez en Madrid"]
[Source "lmi"]
[SourceDate "2023.04.17"]
[SourceVersion "1"]
[SourceVersionDate "2023.05.22"]
[SourceQuality "1"]

1. d4 Nf6 2. Nf3 e6 3. Bf4 d5 4. e3 c5 5. c3 Nc6 6. Bd3 Bd6 7. Bg3 cxd4 8. exd4
Bxg3 9. hxg3 Ne4 10. Nbd2 f5 11. Qe2 a6 12. O-O-O b5 13. Nh4 Qg5 14. f4 Nxg3
15. fxg5 Nxe2+ 16. Bxe2 b4 17. Bh5+ Ke7 18. Bg6 Bd7 19. Rde1 Kd6 20. Bxh7 bxc3
21. bxc3 Ne7 22. Ng6 Rxh7 23. Rxh7 Nxg6 24. Rxg7 Nf4 25. Kc2 Nxg2 26. Rg1 Ne3+
27. Kd3 Ng4 28. Nb3 Rh8 29. Rg2 Bb5+ 30. Kd2 Rh3 31. Nc5 Ne3 32. Rf2 Ng4 33.
Rg2 Ne3 34. Rg1 Nc4+ 35. Kc2 Rh2+ 36. Kc1 Rxa2 37. Rg3 f4 38. Rh3 Ra1+ 39. Kc2
Ra2+ 40. Kd1 Rg2 41. Rh6 Rg1+ 42. Ke2 Ne5+ 43. Kf2 Rf1+ 44. Kg2 f3+ 45. Kg3
Rg1+ 46. Kf4 Nd3+ 47. Kxf3 Nxc5 48. dxc5+ Kxc5 49. Rxe6 d4 50. cxd4+ Kxd4 51.
Kf4 Kd5 52. Re5+ Kd6 53. Rg6+ Kd7 54. Re3 Rf1+ 55. Ke5 Ke7 56. Rb6 Kf7 57. g6+
Kg7 58. Rh3 Re1+ 59. Kf4 Rf1+ 60. Ke5 Re1+ 61. Kd4 Rd1+ 62. Ke4 Re1+ 63. Re3
Rxe3+ 64. Kxe3 Be8 65. Rxa6 Bxg6 66. Kf4 Bc2 67. Kg5 Bd3 68. Ra7+ Kh8 69. Kf6
Bc4 70. Rc7 Bg8 71. Kg6 Bd5 72. Rh7+ Kg8 73. Rd7 Be4+ 74. Kf6 Kh8 75. Kf7 Bc2
76. Rd2 1/2-1/2

[Event "Madrid ch Veteranos 2223"]
[Site "Madrid ESP"]
[Date "2023.04.20"]
[Round "4.20"]
[White "Lopez Molina, Santiago Jorge"]
[Black "Camarero Izquierdo, Juan Carlos"]
[Result "1/2-1/2"]
[WhiteElo "1857"]
[BlackElo "1680"]
[PlyCount "120"]
[EventDate "2023.04.17"]
[EventType "swiss"]
[EventRounds "9"]
[EventCountry "ESP"]
[SourceTitle "Ajedrez en Madrid"]
[Source "lmi"]
[SourceDate "2023.04.17"]
[SourceVersion "1"]
[SourceVersionDate "2023.05.22"]
[SourceQuality "1"]

1. e4 c5 2. d4 cxd4 3. c3 dxc3 4. Nxc3 e6 5. Nf3 Bb4 6. Bf4 Nf6 7. Bd3 d5 8.
Bxb8 Bxc3+ 9. bxc3 Rxb8 10. e5 Nd7 11. O-O O-O 12. Re1 f5 13. c4 dxc4 14. Bxc4
Nb6 15. Qb3 Nxc4 16. Qxc4 Bd7 17. Rad1 Qc8 18. Qxc8 Bxc8 19. Rd6 b6 20. Rc1 Bb7
21. Ng5 Rbc8 22. Rcd1 Rfe8 23. Nxe6 Rc2 24. Ng5 h6 25. Rd8 Bc6 26. Rxe8+ Bxe8
27. Nf3 Bh5 28. Rd8+ Kf7 29. h4 Bxf3 30. gxf3 Rxa2 31. Rd7+ Ke6 32. Rxg7 Kxe5
33. Rh7 b5 34. Rxh6 b4 35. Rh7 b3 36. Rb7 b2 37. Kg2 a5 38. h5 Kf6 39. h6 Kg6
40. h7 b1=Q 41. h8=N+ Kf6 42. Rxb1 Kg7 43. Rb8 f4 44. Ra8 a4 45. Kh3 Rxf2 46.
Kg4 Rh2 47. Rxa4 Rxh8 48. Rxf4 Ra8 49. Rb4 Ra6 50. f4 Kf6 51. Rb5 Rc6 52. Rh5
Rc1 53. Rh6+ Kg7 54. Ra6 Rc5 55. f5 Rc1 56. Ra7+ Kf6 57. Ra6+ Kf7 58. Rb6 Rg1+
59. Kf4 Rf1+ 60. Ke4 Re1+ 1/2-1/2

[Event "Madrid ch Veteranos 2223"]
[Site "Madrid ESP"]
[Date "2023.04.20"]
[Round "4.21"]
[White "Perez Pascual, Arturo"]
[Black "Fernandez Garcia, Ignacio"]
[Result "0-1"]
[WhiteElo "1622"]
[BlackElo "1851"]
[PlyCount "84"]
[EventDate "2023.04.17"]
[EventType "swiss"]
[EventRounds "9"]
[EventCountry "ESP"]
[SourceTitle "Ajedrez en Madrid"]
[Source "lmi"]
[SourceDate "2023.04.17"]
[SourceVersion "1"]
[SourceVersionDate "2023.05.22"]
[SourceQuality "1"]

1. e4 d6 2. d4 Nf6 3. Nc3 c6 4. f4 g6 5. Nf3 Bg7 6. a4 a5 7. Be3 Na6 8. Bc4 O-O
9. Bb3 Nc7 10. Qe2 b5 11. axb5 Nxb5 12. Nxb5 cxb5 13. Qxb5 Bd7 14. Qd3 a4 15.
Bc4 Rb8 16. b3 axb3 17. cxb3 d5 18. exd5 Bf5 19. Qe2 Nxd5 20. Bd2 Nf6 21. Ba5
Qd7 22. Rd1 Nd5 23. Ne5 Qb7 24. Qf3 e6 25. Rc1 h5 26. h3 Bxe5 27. fxe5 Qa7 28.
Bc3 Nxc3 29. Qxc3 Be4 30. O-O Qb7 31. Rf2 Rbc8 32. Qa5 Ra8 33. Qc5 Rfc8 34. Qd6
Rc6 35. Rcf1 Rxd6 36. exd6 Bd5 37. Rc1 Rd8 38. Bxd5 Qxd5 39. Rc7 Qxd6 40. Rfxf7
Qxd4+ 41. Kh1 Rf8 42. Rfd7 Rf1+ 0-1

[Event "Madrid ch Veteranos 2223"]
[Site "Madrid ESP"]
[Date "2023.04.20"]
[Round "4.22"]
[White "Rodriguez Rodriguez, Ricardo"]
[Black "Ruiz Quevedo, Andres"]
[Result "1/2-1/2"]
[WhiteElo "1568"]
[BlackElo "1827"]
[PlyCount "70"]
[EventDate "2023.04.17"]
[EventType "swiss"]
[EventRounds "9"]
[EventCountry "ESP"]
[SourceTitle "Ajedrez en Madrid"]
[Source "lmi"]
[SourceDate "2023.04.17"]
[SourceVersion "1"]
[SourceVersionDate "2023.05.22"]
[SourceQuality "1"]

1. e4 c5 2. Nf3 d6 3. d3 g6 4. g3 Bg7 5. Bg2 Nc6 6. c3 Bg4 7. h3 Bxf3 8. Qxf3
e6 9. Nd2 Nge7 10. O-O O-O 11. Re1 b5 12. a3 Rb8 13. Nf1 a5 14. Bd2 b4 15. axb4
axb4 16. Ra6 bxc3 17. bxc3 Rb3 18. Rc1 Qb8 19. Ne3 Qb5 20. Ra2 Ne5 21. Qd1 Nxd3
22. Bf1 c4 23. Nxc4 Nxc1 24. Nxd6 Qc5 25. Bxc1 Rxc3 26. Bf4 e5 27. Be3 Rxe3 28.
fxe3 Qxe3+ 29. Kg2 Rd8 30. Bc4 Rf8 31. Rf2 Qd4 32. Rd2 Qb6 33. Nxf7 h5 34.
Nxe5+ Kh7 35. Nf3 Qe3 1/2-1/2

[Event "Madrid ch Veteranos 2223"]
[Site "Madrid ESP"]
[Date "2023.04.20"]
[Round "4.23"]
[White "Martin Garcia, Luis I"]
[Black "Diaz Begonte, Manuel"]
[Result "0-1"]
[WhiteElo "1814"]
[BlackElo "1536"]
[PlyCount "56"]
[EventDate "2023.04.17"]
[EventType "swiss"]
[EventRounds "9"]
[EventCountry "ESP"]
[SourceTitle "Ajedrez en Madrid"]
[Source "lmi"]
[SourceDate "2023.04.17"]
[SourceVersion "1"]
[SourceVersionDate "2023.05.22"]
[SourceQuality "1"]

1. e4 d5 2. exd5 Nf6 3. Bb5+ Bd7 4. Be2 Nxd5 5. d4 e6 6. a3 Be7 7. c4 Nf6 8.
Be3 O-O 9. Nc3 Bc6 10. Bf3 Re8 11. d5 exd5 12. cxd5 Bd7 13. d6 Bxd6 14. Bxb7
Nc6 15. Bxa8 Qxa8 16. Nd5 Ne5 17. Nxf6+ gxf6 18. Ne2 Qxg2 19. Kd2 Qd5+ 20. Nd4
Nc4+ 21. Kc1 Nxe3 22. fxe3 Rxe3 23. Rg1+ Kh8 24. Nc2 Rd3 25. Qe2 Bf4+ 26. Kb1
Rd2 27. Qe1 Qd3 28. Qc1 Bf5 0-1

[Event "Madrid ch Veteranos 2223"]
[Site "Madrid ESP"]
[Date "2023.04.20"]
[Round "4.24"]
[White "Martinez Miura, Enrique"]
[Black "Sanchez Peral, Pedro"]
[Result "0-1"]
[WhiteElo "1519"]
[BlackElo "1761"]
[PlyCount "81"]
[EventDate "2023.04.17"]
[EventType "swiss"]
[EventRounds "9"]
[EventCountry "ESP"]
[SourceTitle "Ajedrez en Madrid"]
[Source "lmi"]
[SourceDate "2023.04.17"]
[SourceVersion "1"]
[SourceVersionDate "2023.05.22"]
[SourceQuality "1"]

1. e4 c5 2. c4 Nc6 3. Nc3 g6 4. g3 Bg7 5. Bg2 e6 6. Nge2 Nge7 7. O-O O-O 8. d3
d6 9. Be3 Nd4 10. Qd2 Bd7 11. Rac1 Bc6 12. Bh6 Qa5 13. Nxd4 cxd4 14. Nd5 Qd8
15. Nxe7+ Qxe7 16. Bxg7 Kxg7 17. f4 f5 18. exf5 Bxg2 19. Qxg2 Rxf5 20. Rfe1 e5
21. fxe5 dxe5 22. Re4 Raf8 23. Rce1 Qf6 24. R4e2 b6 25. h3 h5 26. Qe4 Rf1+ 27.
Rxf1 Qxf1+ 28. Kh2 Rf2+ 29. Rxf2 Qxf2+ 30. Kh1 Qxg3 31. Qb7+ Kh6 32. Qe4 Qxh3+
33. Kg1 Qg3+ 34. Kh1 h4 35. b4 Qh3+ 36. Kg1 Qe3+ 37. Qxe3+ dxe3 38. c5 h3 39.
c6 e2 40. Kf2 h2 41. c7 0-1

[Event "Madrid ch Veteranos 2223"]
[Site "Madrid ESP"]
[Date "2023.04.20"]
[Round "4.25"]
[White "Toledo Aguirre, Gonzalo"]
[Black "Lopez Guitian, Juan J."]
[Result "1-0"]
[WhiteElo "1749"]
[BlackElo "1518"]
[PlyCount "72"]
[EventDate "2023.04.17"]
[EventType "swiss"]
[EventRounds "9"]
[EventCountry "ESP"]
[SourceTitle "Ajedrez en Madrid"]
[Source "lmi"]
[SourceDate "2023.04.17"]
[SourceVersion "1"]
[SourceVersionDate "2023.05.22"]
[SourceQuality "1"]

1. d4 Nf6 2. c4 e6 3. Nc3 Bb4 4. e3 c5 5. Nge2 Nc6 6. a3 Qa5 7. Bd2 Bxc3 8.
Bxc3 Qb6 9. dxc5 Qxc5 10. Ng3 Qe7 11. Bd3 d6 12. Ne4 Bd7 13. O-O Nxe4 14. Bxe4
f5 15. Bf3 O-O 16. Qd2 Rad8 17. Rad1 Be8 18. b3 Bg6 19. Qb2 Qc7 20. Rd2 Rd7 21.
Rfd1 Rfd8 22. h3 Be8 23. Be2 h6 24. b4 Ne5 25. c5 Nf7 26. Bb5 Re7 27. cxd6 Rxd6
28. Bxe8 Rxe8 29. Bxg7 Rxd2 30. Rxd2 e5 31. Bf6 Re6 32. Bh4 Rc6 33. Qb3 Rc3 34.
Qe6 Rc6 35. Qxf5 Rd6 36. Rxd6 Qxd6 1-0

[Event "Madrid ch Veteranos 2223"]
[Site "Madrid ESP"]
[Date "2023.04.20"]
[Round "4.26"]
[White "Herrero Reques, Sergio"]
[Black "Villodre Miranda, Juan Alonso"]
[Result "1-0"]
[WhiteElo "2021"]
[BlackElo "1537"]
[PlyCount "75"]
[EventDate "2023.04.17"]
[EventType "swiss"]
[EventRounds "9"]
[EventCountry "ESP"]
[SourceTitle "Ajedrez en Madrid"]
[Source "lmi"]
[SourceDate "2023.04.17"]
[SourceVersion "1"]
[SourceVersionDate "2023.05.22"]
[SourceQuality "1"]

1. d4 d5 2. c4 c6 3. Qc2 e6 4. Nf3 Nf6 5. Nbd2 g6 6. g3 Bg7 7. Bg2 Nbd7 8. O-O
O-O 9. e4 Nxe4 10. Nxe4 dxe4 11. Qxe4 Nf6 12. Qe2 h6 13. Rd1 Kh7 14. Bf4 Nh5
15. Be3 Nf6 16. Rac1 Qe7 17. Ne5 Nd7 18. f4 Nxe5 19. dxe5 Bd7 20. b4 b6 21. Rd6
Rac8 22. c5 b5 23. Qd3 Rc7 24. Rd1 Be8 25. Bd4 f6 26. Qe3 fxe5 27. Bxe5 Bxe5
28. Qxe5 Bd7 29. Bh3 Bc8 30. Re1 Qf6 31. Bxe6 Qxe5 32. Rxe5 Bxe6 33. Rexe6 Rg8
34. Rxc6 Rgg7 35. Rxg6 Rxc6 36. Rxc6 Re7 37. Rd6 Rc7 38. c6 1-0

[Event "Madrid ch Veteranos 2223"]
[Site "Madrid ESP"]
[Date "2023.04.20"]
[Round "4.27"]
[White "Martinez Pintor, Juan"]
[Black "Cabañas Bravo, Juan Andres"]
[Result "0-1"]
[WhiteElo "1545"]
[BlackElo "1914"]
[PlyCount "41"]
[EventDate "2023.04.17"]
[EventType "swiss"]
[EventRounds "9"]
[EventCountry "ESP"]
[SourceTitle "Ajedrez en Madrid"]
[Source "lmi"]
[SourceDate "2023.04.17"]
[SourceVersion "1"]
[SourceVersionDate "2023.05.22"]
[SourceQuality "1"]

1. d4 Nf6 2. c4 c5 3. d5 b5 4. Qc2 bxc4 5. Qxc4 d6 6. e4 Ba6 7. Qa4+ Qd7 8.
Qxd7+ Kxd7 9. Bxa6 Nxa6 10. f3 Nb4 11. Na3 g6 12. Ke2 Bg7 13. Nh3 Rhb8 14. Bd2
a5 15. Bc3 Ke8 16. Nf2 Bh6 17. Nd3 Nd7 18. Bd2 Nxd3 19. Bxh6 Nxb2 20. Rab1 Ne5
21. Rhd1 0-1

[Event "Madrid ch Veteranos 2223"]
[Site "Madrid ESP"]
[Date "2023.04.20"]
[Round "4.28"]
[White "Becerra Baigorri, Jose"]
[Black "Alonso Abad, Enrique"]
[Result "1/2-1/2"]
[WhiteElo "1505"]
[BlackElo "1901"]
[PlyCount "98"]
[EventDate "2023.04.17"]
[EventType "swiss"]
[EventRounds "9"]
[EventCountry "ESP"]
[SourceTitle "Ajedrez en Madrid"]
[Source "lmi"]
[SourceDate "2023.04.17"]
[SourceVersion "1"]
[SourceVersionDate "2023.05.22"]
[SourceQuality "1"]

1. e4 c5 2. Nf3 Nc6 3. d4 cxd4 4. Nxd4 e5 5. Nb5 d6 6. N1c3 a6 7. Na3 Be7 8.
Nd5 Nf6 9. Nxe7 Nxe7 10. Bd3 d5 11. exd5 Qxd5 12. O-O Bg4 13. Be2 Qe6 14. Bxg4
Nxg4 15. h3 Nf6 16. Qe2 O-O 17. c4 Rad8 18. b3 Rfe8 19. Bb2 Ng6 20. Rad1 Nf4
21. Qf3 Qe7 22. Rfe1 Ng6 23. Nc2 Qc7 24. Ne3 b5 25. Rxd8 Rxd8 26. Rd1 Nd7 27.
Nd5 Qa5 28. Nc3 bxc4 29. bxc4 Qb4 30. Qe2 f6 31. g3 Ngf8 32. Nd5 Qc5 33. Ne3
Rc8 34. Qd3 Qc6 35. Nf5 Qe6 36. Nd6 Rb8 37. Ba3 Qxh3 38. Nf5 Kh8 39. Bxf8 Nxf8
40. Qd6 Re8 41. Qc6 Qh5 42. Ne3 f5 43. Kg2 f4 44. g4 Qf7 45. Nf5 e4 46. Nd6 Qe6
47. Qxe8 Qxg4+ 48. Kh2 Qh4+ 49. Kg2 Qg4+ 1/2-1/2

[Event "Madrid ch Veteranos 2223"]
[Site "Madrid ESP"]
[Date "2023.04.20"]
[Round "4.29"]
[White "Marcos Herrero, Francisco"]
[Black "Jimenez Ascarza, Jose Ignacio"]
[Result "0-1"]
[WhiteElo "1830"]
[BlackElo "1534"]
[PlyCount "78"]
[EventDate "2023.04.17"]
[EventType "swiss"]
[EventRounds "9"]
[EventCountry "ESP"]
[SourceTitle "Ajedrez en Madrid"]
[Source "lmi"]
[SourceDate "2023.04.17"]
[SourceVersion "1"]
[SourceVersionDate "2023.05.22"]
[SourceQuality "1"]

1. c4 Nf6 2. Nf3 c6 3. d4 d5 4. g3 g6 5. Bg2 Bg7 6. O-O O-O 7. b3 Ne4 8. Bb2
Nd7 9. Nbd2 Ndf6 10. Ne5 Nxd2 11. Qxd2 Ne4 12. Qe3 f6 13. Nd3 f5 14. Rfd1 Bf6
15. Ne5 Bg5 16. Qd3 Be6 17. e3 Bh6 18. Rac1 Rc8 19. cxd5 Bxd5 20. Re1 Qe8 21.
Rc2 g5 22. f3 Nd6 23. e4 Be6 24. d5 cxd5 25. Rxc8 Qxc8 26. exd5 Qc5+ 27. Kh1
Qxd5 28. Qe2 f4 29. gxf4 gxf4 30. Rg1 Bg7 31. Bf1 Kh8 32. Rxg7 Kxg7 33. Qg2+
Kh6 34. Ng4+ Bxg4 35. Qxg4 Qg5 36. Bg7+ Qxg7 37. Qh4+ Kg6 38. Bd3+ Kf7 39.
Qxf4+ Kg8 0-1

[Event "Madrid ch Veteranos 2223"]
[Site "Madrid ESP"]
[Date "2023.04.20"]
[Round "4.30"]
[White "Hernandez Gutierrez, Jose"]
[Black "Ramos Antona, Enrique"]
[Result "1-0"]
[WhiteElo "1767"]
[BlackElo "1500"]
[PlyCount "55"]
[EventDate "2023.04.17"]
[EventType "swiss"]
[EventRounds "9"]
[EventCountry "ESP"]
[SourceTitle "Ajedrez en Madrid"]
[Source "lmi"]
[SourceDate "2023.04.17"]
[SourceVersion "1"]
[SourceVersionDate "2023.05.22"]
[SourceQuality "1"]

1. d4 Nf6 2. c4 e6 3. g3 Bb4+ 4. Bd2 Be7 5. Bg2 d5 6. Nf3 O-O 7. O-O c6 8. Qb3
b6 9. cxd5 cxd5 10. Rc1 a5 11. Bf4 Bd6 12. Bg5 Be7 13. Nc3 h6 14. Bf4 Bd6 15.
Ne5 g5 16. Be3 Nfd7 17. Nd3 Kg7 18. Nb5 a4 19. Qc2 Be7 20. Bd2 Ba6 21. Qxa4 Bb7
22. Qb3 Ba6 23. a4 Bxb5 24. Qxb5 Na6 25. Rc2 Nc7 26. Qb3 Ra7 27. Rc6 Nb5 28.
Qxb5 1-0

[Event "Madrid ch Veteranos 2223"]
[Site "Madrid ESP"]
[Date "2023.04.20"]
[Round "4.31"]
[White "Siddiqie, Kausar Iqbal"]
[Black "Alberdi Garcia, Carlos Alfonso"]
[Result "0-1"]
[WhiteElo "1265"]
[BlackElo "1699"]
[PlyCount "48"]
[EventDate "2023.04.17"]
[EventType "swiss"]
[EventRounds "9"]
[EventCountry "ESP"]
[SourceTitle "Ajedrez en Madrid"]
[Source "lmi"]
[SourceDate "2023.04.17"]
[SourceVersion "1"]
[SourceVersionDate "2023.05.22"]
[SourceQuality "1"]

1. e4 e6 2. d4 d5 3. exd5 exd5 4. Nf3 Bg4 5. h3 Bh5 6. Bd3 Nf6 7. Bg5 Be7 8.
O-O O-O 9. Re1 Nbd7 10. Nbd2 Re8 11. c4 c6 12. c5 Nf8 13. Nf1 Ne6 14. Be3 Ne4
15. g4 Bg6 16. Ne5 Bh4 17. Nh2 f5 18. Nxg6 hxg6 19. Nf3 f4 20. Bxe4 dxe4 21.
Nxh4 Qxh4 22. d5 Qxh3 23. dxe6 f3 24. Bf4 Qg2# 0-1

[Event "Madrid ch Veteranos 2223"]
[Site "Madrid ESP"]
[Date "2023.04.20"]
[Round "4.32"]
[White "Lobato Palomo, Manuel Angel"]
[Black "Calle Trueba, Jose Antonio"]
[Result "1-0"]
[WhiteElo "1689"]
[BlackElo "1381"]
[PlyCount "93"]
[EventDate "2023.04.17"]
[EventType "swiss"]
[EventRounds "9"]
[EventCountry "ESP"]
[SourceTitle "Ajedrez en Madrid"]
[Source "lmi"]
[SourceDate "2023.04.17"]
[SourceVersion "1"]
[SourceVersionDate "2023.05.22"]
[SourceQuality "1"]

1. d4 d5 2. Bf4 Nf6 3. Nc3 a6 4. e3 e6 5. a3 Bd6 6. Nf3 O-O 7. Ne5 c5 8. Ne2
Qc7 9. c3 Nbd7 10. Nxd7 Bxd7 11. Bxd6 Qxd6 12. Ng3 Rac8 13. Bd3 cxd4 14. exd4
e5 15. dxe5 Qxe5+ 16. Qe2 Qxe2+ 17. Nxe2 Rfe8 18. O-O Bc6 19. Rfe1 Re5 20. Nd4
Ree8 21. Rxe8+ Nxe8 22. Re1 Bd7 23. Re5 Nf6 24. f3 Re8 25. Rxe8+ Nxe8 26. Kf2
Nd6 27. b3 g6 28. Ke3 Kg7 29. Ne2 Nb5 30. a4 Nd6 31. Kd4 Nf5+ 32. Bxf5 Bxf5 33.
Kc5 Bd3 34. Nd4 Bf1 35. g3 Kf6 36. Kxd5 g5 37. g4 h5 38. gxh5 Bg2 39. Kd6 g4
40. fxg4 Bh3 41. Kc7 b5 42. axb5 axb5 43. Nxb5 Bxg4 44. Nd4 Kg5 45. b4 f5 46.
b5 f4 47. b6 1-0